000 00550nam a22002057a 4500
003 OSt
005 20220107122745.0
008 140524b xxu||||| |||| 00| 0 eng d
020 _a9788126518685
040 _cIIITM-K
082 _a005.74 THA/F
100 _aTharp, Alan L
_95073
245 _aFile organization and processing
_cby Alan L Tharp
260 _aNew Delhi,
_bWiley,
_c2008.
300 _axv, 398p.
650 _aCOMPUTER SCIENCE
_95074
650 _aALGORITHMS
_95075
650 _aDATABASE MANAGEMENT SYSTEMS
_95076
942 _2ddc
_cBK
999 _c4130
_d4130